Язык структурного моделирования для проектирования распределённых систем реального времени; Молодежь и современные информационные технологии

Bibliographic Details
Parent link:Молодежь и современные информационные технологии.— 2012.— [С. 32-34]
Main Author: Погребной А. В. Александр Владимирович
Corporate Author: Национальный исследовательский Томский политехнический университет (ТПУ) Институт кибернетики (ИК) Кафедра информатики и проектирования систем (ИПС)
Other Authors: Погребной В. К. Владимир Кириллович
Summary:Заглавие с титульного экрана
Language:Russian
Published: 2012
Series:Микропроцессорные системы, компьютерные сети и телекоммуникации
Subjects:
Online Access:http://www.lib.tpu.ru/fulltext/c/2012/C04/015.pdf
Format: Electronic Book Chapter
KOHA link:https://koha.lib.tpu.ru/cgi-bin/koha/opac-detail.pl?biblionumber=609761

MARC

LEADER 00000naa2a2200000 4500
001 609761
005 20260326085422.0
035 |a (RuTPU)RU\TPU\conf\7289 
035 |a RU\TPU\conf\7288 
090 |a 609761 
100 |a 20141203d2012 k y0rusy50 ca 
101 0 |a rus 
102 |a RU 
135 |a drgn ---uucaa 
181 0 |a i  
182 0 |a b 
200 1 |a Язык структурного моделирования для проектирования распределённых систем реального времени  |f А. В. Погребной, В. К. Погребной 
203 |a Текст  |c электронный 
225 1 |a Микропроцессорные системы, компьютерные сети и телекоммуникации 
300 |a Заглавие с титульного экрана 
320 |a [Библиогр.: с. 34 (2 назв.)] 
337 |a Adobe Reader 
463 0 |0 (RuTPU)RU\TPU\conf\6944  |t Молодежь и современные информационные технологии  |o сборник трудов X Международной научно-практической конференции студентов, аспирантов и молодых ученых, г. Томск, 13-16 ноября 2012 г.  |f Национальный исследовательский Томский политехнический университет (ТПУ) ; под ред. Е. А. Сикоры и др.  |v [С. 32-34]  |d 2012 
610 1 |a труды учёных ТПУ 
610 1 |a электронный ресурс 
610 1 |a структурное моделирование 
610 1 |a проектирование 
610 1 |a распределенные системы 
610 1 |a системы реального времени 
610 1 |a языковые системы 
700 1 |a Погребной  |b А. В.  |c специалист в области информатики и вычислительной техники  |c доцент Томского политехнического университета, кандидат технических наук  |f 1973-  |g Александр Владимирович  |3 (RuTPU)RU\TPU\pers\25547  |9 11477 
701 1 |a Погребной  |b В. К.  |c специалист в области информатики и вычислительной техники  |c профессор Томского политехнического университета, доктор технических наук  |f 1942-  |g Владимир Кириллович  |3 (RuTPU)RU\TPU\pers\19853  |9 7790 
712 0 2 |a Национальный исследовательский Томский политехнический университет (ТПУ)  |b Институт кибернетики (ИК)  |b Кафедра информатики и проектирования систем (ИПС)  |3 (RuTPU)RU\TPU\col\18697 
801 2 |a RU  |b 63413507  |c 20151222  |g RCR 
856 4 |u http://www.lib.tpu.ru/fulltext/c/2012/C04/015.pdf 
942 |c BK